Baby Names: Boys (1980s) Quiz Stats

Quiz Updated Oct 13, 2016

Challenge
Share
Tweet
Embed
Score 0/100 Timer 08:00
3 Plays Today
Rank Name % Correct
9John
93.6%
1Michael
90.5%
6James
85.2%
5David
83.3%
3Matthew
83.2%
15William
82.9%
8Robert
80.4%
34Mark
78.1%
24Thomas
77.8%
2Christopher
77.6%
40Paul
76.1%
7Daniel
76%
13Andrew
75.3%
61Peter
72.7%
47Jose
72.6%
25Steven
72.3%
10Joseph
70.2%
27Richard
69.6%
16Brian
67.8%
69George
67.5%
36Stephen
67.1%
23Kevin
63.7%
33Charles
63.4%
79Alex
63.2%
35Jacob
62.1%
26Timothy
61.9%
22Adam
61.8%
18Jonathan
61.7%
14Ryan
61%
52Samuel
60%
4Joshua
59.7%
31Benjamin
59.6%
88Frank
59.4%
11Jason
59.1%
Rank Name % Correct
19Nicholas
57.8%
20Anthony
56.9%
21Eric
56.7%
57Edward
56.7%
50Alexander
56.4%
39Nathan
54.4%
45Gregory
53.4%
12Justin
52.9%
32Aaron
52.6%
37Patrick
52.3%
41Sean
52.1%
30Kyle
50%
43Zachary
49.6%
51Bryan
48%
29Jeffrey
47.8%
17Brandon
46.8%
38Scott
45.9%
66Donald
45.9%
48Tyler
44.8%
67Ronald
43.9%
56Shawn
43.5%
54Bradley
43.4%
28Jeremy
41.9%
46Kenneth
40.4%
82Ian
40.1%
68Phillip
39.1%
64Marcus
38.3%
60Jordan
37.7%
89Evan
37.3%
63Keith
36.9%
93Larry
36.8%
78Gary
36.7%
91Victor
36.7%
87Philip
36.6%
Rank Name % Correct
100Christian
36.1%
92Vincent
35.4%
80Nathaniel
35.1%
65Juan
33.8%
53Derek
33.6%
85Erik
30.5%
81Craig
29.2%
76Carlos
29.2%
77Brett
28.8%
73Douglas
28.7%
49Jesse
28.5%
98Dennis
28%
75Raymond
27.6%
55Chad
26.4%
94Austin
26.2%
58Jared
26%
62Corey
25.9%
96Seth
25.4%
95Brent
24.3%
42Travis
24.2%
59Cody
23.8%
70Cory
23.6%
72Shane
23.2%
84Derrick
22.8%
99Todd
22.4%
44Dustin
22.4%
71Joel
21.1%
90Gabriel
19.9%
74Antonio
18.5%
97Wesley
17.3%
83Luis
15.7%
86Casey
15.1%

You're not logged in!

Compare scores with friends on all Sporcle quizzes.
Sign Up with Email
OR
Log In

You Might Also Like...

Show Comments

Extras

Top Quizzes Today


Score Distribution

Your Account Isn't Verified!

In order to create a playlist on Sporcle, you need to verify the email address you used during registration. Go to your Sporcle Settings to finish the process.